LEADER 01946nam 2200469 450 001 000018081 005 20070503173600.0 010 $a88-15-06322-6 100 $a20050314d1997----km-y0itay0103----ba 101 0 $aita 102 $aIT 200 1 $a<> storico europeo tra guerra e dopoguerra, Henri Pirenne (1914-1923)$ela fine della 'grande illusione'$eper una rilettura della <>$fdi Cinzio Violante 200 1 $a1 $n0007284 210 $aBologna$c<> Mulino$dc1997 215 $a418 p.$d22 cm. 225 2 $aAnnali dell'Istituto storico italo-germanico$v31 300 $aNell'occhietto: Istituto trentino di cultura. Pubblicazioni dell'Istituto storico italo-germanico in Trento 300 $aTit. sul dorso: Uno storico europeo tra guerra e dopoguerra 410 0$12001$aAnnali dell'Istituto storico italo-germanico 600 1$aPirenne,$bHenri 676 $a907.202$v(21. ed.)$9Storici 676 $a940.07202 700 1$aViolante,$bCinzio$036487 801 0$aIT$bUniversità della Basilicata - B.I.A.$gRICA$2unimarc 912 $a000018081 996 $aStorico europeo tra guerra e dopoguerra, Henri Pirenne (1914-1923$984013 997 $aUNIBAS BAS $aMONLET BAS $aMONOGR BAS $aLETTERE CAT $aDILEO$b21$c20050314$lBAS01$h1513 CAT $aDILEO$b21$c20050315$lBAS01$h1309 CAT $aDILEO$b01$c20050315$lBAS01$h1319 CAT $c20050601$lBAS01$h1756 CAT $abatch$b01$c20050718$lBAS01$h1053 CAT $c20050718$lBAS01$h1112 CAT $c20050718$lBAS01$h1142 CAT $c20050718$lBAS01$h1157 CAT $aBATCH$b00$c20070503$lBAS01$h1736 FMT Z30 -1$lBAS01$LBAS01$mBOOK$1BASA1$APolo Storico-Umanistico$2DID$BDidattica$3FM/102766$6102766$5L102766$820050310$f04$FPrestabile Didattica Z30 -1$lBAS01$LBAS01$mBOOK$1BASA4$APolo di Matera$2DID$BDidattica$3MSR$6102765$5L102765$820050310$f04$FPrestabile Didattica LEADER 01873nam 2200505Ka 450 001 9910690872303321 005 20010530154037.0 035 $a(CKB)5470000002341608 035 $a(OCoLC)44376756 035 9 $aocm44376756 035 $a(OCoLC)995470000002341608 035 $a(EXLCZ)995470000002341608 100 $a19990915d1998 ua 0 101 0 $aeng 181 $ctxt$2rdacontent 182 $cc$2rdamedia 183 $acr$2rdacarrier 200 14$aThe case for Army XXI "medium weight" aero-motorized divisions$b[electronic resource] $ea pathway to the army of 2020 /$fJohn Gordon IV and Peter A. Wilson 210 1$aCarlisle, PA :$cStrategic Studies Institute, U.S. Army War College,$d[1998] 300 $a"May 27, 1998." 300 $aTitle from title screen. 320 $aIncludes bibliographical references. 517 $aCase for Army XXI "medium weight" aero-motorized divisions 606 $aArmored vehicles, Military$xDesign and construction 606 $aClose air support 606 $aDeployment (Strategy) 606 $aMechanization, Military 606 $aRapid dominance (Military science)$zUnited States 606 $aUnified operations (Military science) 615 0$aArmored vehicles, Military$xDesign and construction. 615 0$aClose air support. 615 0$aDeployment (Strategy) 615 0$aMechanization, Military. 615 0$aRapid dominance (Military science) 615 0$aUnified operations (Military science) 700 $aGordon$b John$f1956-$0984821 701 $aWilson$b Peter A.$f1943-$01234213 712 02$aArmy War College (U.S.).$bStrategic Studies Institute. 801 0$bAWC 801 1$bAWC 801 2$bGPO 906 $aBOOK 912 $a9910690872303321 996 $aThe case for Army XXI "medium weight" aero-motorized divisions$93423984 997 $aUNINA